| 000 | 00985cam a22002773a 4500 | ||
|---|---|---|---|
| 001 | 11552 | ||
| 003 | PGUSA | ||
| 005 | 20140828083238.0 | ||
| 008 | 040301s2004||||xxu|||||s|||||000 | eng d | ||
| 040 |
_aPGUSA _beng |
||
| 042 | _adc | ||
| 050 | 4 | _aE300 | |
| 100 | 1 | _aUnited States. Work Projects Administration | |
| 245 | 1 | 0 |
_aSlave Narratives : _ba Folk History of Slavery in the United States : From Interviews with Former Slaves Maryland Narratives _h[electronic resource] / _cUnited States. Work Projects Administration |
| 260 |
_bProject Gutenberg, _c2004 |
||
| 506 | _aPublic domain in the USA. | ||
| 516 | _aElectronic text | ||
| 653 | _aAfrican Americans -- Maryland -- Biography | ||
| 653 | _aSlaves -- Maryland -- Biography | ||
| 653 | _aSlaves -- Maryland -- Social conditions | ||
| 653 | _aSlavery -- Maryland | ||
| 653 | _aSlave narratives -- Maryland | ||
| 830 | 0 |
_aProject Gutenberg _v11552 |
|
| 856 | 4 | 0 | _uhttp://www.gutenberg.org/ebooks/11552 |
| 942 | _cEB | ||
| 999 |
_c240807 _d240807 |
||